[Event "1st Capablanca Memorial 2017"]
[Site "Heraklion"]
[Date "2017.04.19"]
[Round "3"]
[White "Tsakiris, Haralambos"]
[Black "Triantos, Konstantinos"]
[Result "1-0"]
[WhiteElo "2250"]
[BlackElo "2051"]
[Annotator "TA"]
[PlyCount "96"]
[EventDate "2017.??.??"]
[EventType "tourn"]
[EventCountry "GRE"]
[SourceTitle "playchess.com"]
[Source "ChessBase"]
[SourceQuality "1"]

{[%evp 11,96,20,22,12,16,14,16,14,8,12,7,27,15,20,35,10,34,21,106,12,43,4,6,11,6,6,20,12,114,102,99,99,145,127,120,141,204,226,228,228,228,220,220,220,346,337,331,325,291,311,382,375,364,372,382,382,376,377,382,382,382,375,375,365,441,434,610,385,473,784,940,914,759,522,892,829,988,846,851,795,756,662,841,767,1268,1208,1616]} 1. d4 Nf6 2. c4 e6 3. Nf3 Bb4+ 4. Bd2 Qe7 5. Nc3 Bxc3 6. Bxc3 Ne4 7. Rc1 {E11: Bogo-Indian} b6 8. e3 Bb7 9. Bd3 {The position is equal.} Nxc3 10. Rxc3 O-O 11. O-O d6 $146 (11... c5 12. e4 d6 13. d5 Nd7 14. Re1 Rae8 15. Bc2 e5 16. a3 Rc8 17. Qd2 Rc7 18. g3 {1-0 (77) Lupulescu,C (2624)-Miron,L (2511) Olanesti 2016}) 12. c5 e5 {And now ...e4 would win.} 13. cxd6 cxd6 14. Qc2 Na6 {[#]} (14... e4 15. Rc7 exd3 16. Rxe7 $16) (14... Bxf3 $1 $11 15. gxf3 (15. Bxh7+ Kh8 16. Qf5 Na6 17. gxf3 g6 $17) 15... exd4) 15. Bxh7+ (15. dxe5 $1 $16 Bxf3 16. gxf3) 15... Kh8 $14 16. Be4 {Strongly threatening Bxb7.} Nb4 17. Qb3 {Bxb7 is the strong threat.} Bxe4 18. Qxb4 {White wants to play Nd2.} Bxf3 19. gxf3 Qf6 (19... Qg5+ $11 {remains equal.} 20. Kh1 Qf6) 20. dxe5 $16 dxe5 21. Qg4 g6 22. Rfc1 Rad8 23. Rc7 $36 {[%mdl 2048] White has strong initiative.} a5 (23... Rd2 $16 {keeps fighting.} 24. R1c6 (24. Rxa7 Rxb2 25. h4 Rd2 $16) 24... Qf5) 24. R1c6 $18 Rd6 25. Rxd6 Qxd6 26. Qd7 Qxd7 27. Rxd7 {[%mdl 4096] Endgame KR-KR} Rc8 (27... Kg7 {was called for.} 28. Rb7 Rd8 29. Rxb6 a4) 28. Rxf7 Rc2 29. b3 {[%cal Bb2b3,Bb3b4][%mdl 32]} Rxa2 30. Rb7 Rb2 31. Rxb6 a4 32. b4 ({Less strong is} 32. Rxg6 a3 $18) 32... a3 33. Ra6 a2 {Threatens to win with ...Rb1+.} 34. Kg2 Kg7 {[#]} 35. b5 $1 Rxb5 {intending ...Rb2.} 36. Rxa2 Kf6 37. Ra4 Kf5 38. h4 Rc5 (38... Ke6 $142 39. Kg3 Rb2) 39. f4 e4 40. f3 {White is clearly winning.} Rc2+ 41. Kg3 exf3 42. Kxf3 Rh2 43. e4+ Kf6 44. Ra6+ Kf7 45. Kg3 Rh1 46. Ra3 Rb1 47. Kg4 Rb5 48. Ra7+ Kf6 1-0

[Event "1st Capablanca Memorial 2017"]
[Site "Heraklion"]
[Date "2017.04.19"]
[Round "3"]
[White "Taylor, Adam C"]
[Black "Vanheirzeele, Daniel"]
[Result "1/2-1/2"]
[WhiteElo "2231"]
[BlackElo "2146"]
[Annotator "ChessBase"]
[PlyCount "80"]
[EventDate "2017.??.??"]
[EventType "tourn"]
[EventCountry "GRE"]
[SourceTitle "playchess.com"]
[Source "ChessBase"]
[SourceQuality "1"]
[TimeControl "40/5400+30:1800+30"]

1. c4 {[%emt 0:00:00]} Nf6 {[%emt 0:01:03]} 2. g3 {[%emt 0:00:00]} e6 {[%emt 0:01:40]} 3. Bg2 {[%emt 0:00:09]} d5 {[%emt 0:01:22]} 4. Nf3 {[%emt 0:00:07]} dxc4 {[%emt 0:02:36]} 5. Qa4+ {[%emt 0:01:49]} Nbd7 {[%emt 0:00:05]} 6. Qxc4 {[%emt 0:00:22]} c5 {[%emt 0:00:04]} 7. Qb3 {[%emt 0:08:14]} Rb8 {[%emt 0:08:53]} 8. a4 {[%emt 0:01:05]} b6 {[%emt 0:00:48]} 9. O-O {[%emt 0:01:42]} Bb7 {[%emt 0:02:03]} 10. d3 {[%emt 0:01:02]} Bd6 {[%emt 0:07:24]} 11. Na3 {[%emt 0:02:38]} a6 {[%emt 0:08:21]} 12. Bd2 {[%emt 0:14:45]} O-O {[%emt 0:04:15]} 13. Rfc1 {[%emt 0:00:32]} Qe7 {[%emt 0:06:37]} 14. Nc4 {[%emt 0:00:33]} Bc7 {[%emt 0:00:05]} 15. Qc2 {[%emt 0:07:10]} Ne8 {[%emt 0:12:33]} 16. Qb1 {[%emt 0:05:50]} Nd6 {[%emt 0:04:59]} 17. Bf4 {[%emt 0:10:16]} f6 {[%emt 0:14:17]} 18. b4 {[%emt 0:04:10]} e5 {[%emt 0:00:39]} 19. Bd2 {[%emt 0:01:48]} Nxc4 {[%emt 0:00:47]} 20. Rxc4 {[%emt 0:01:33]} Bd5 {[%emt 0:02:34]} 21. Rc1 {[%emt 0:00:40]} Bd6 {[%emt 0:01:25]} 22. b5 {[%emt 0:12:31]} a5 {[%emt 0:00:27]} 23. Bc3 {[%emt 0:02:17]} Qf7 {[%emt 0:04:32]} 24. Nd2 {[%emt 0:00:49]} Bxg2 {[%emt 0:00:31]} 25. Kxg2 {[%emt 0:00:05]} Bc7 {[%emt 0:01:25]} 26. Qa2 {[%emt 0:01:25]} Rfd8 {[%emt 0:00:47]} 27. g4 {[%emt 0:04:28]} Nf8 {[%emt 0:04:57]} 28. Qxf7+ {[%emt 0:00:08]} Kxf7 {[%emt 0:00:02]} 29. Kf3 {[%emt 0:04:36]} Ne6 {[%emt 0:00:13]} 30. Ne4 {[%emt 0:01:54]} Nd4+ {[%emt 0:04:16]} 31. Bxd4 {[%emt 0:00:17]} exd4 {[%emt 0:00:07]} 32. h4 {[%emt 0:01:30]} Rd5 {[%emt 0:01:27]} 33. Rh1 {[%emt 0:00:50]} h5 {[%emt 0:01:16]} 34. Rag1 {[%emt 0:05:22]} hxg4+ {[%emt 0:00:52]} 35. Rxg4 {[%emt 0:00:05]} Rf5+ {[%emt 0:00:39]} 36. Kg2 {[%emt 0:00:19]} Rh8 {[%emt 0:00:10]} 37. Ng3 {[%emt 0:01:50]} Bxg3 {[%emt 0:00:29]} 38. Kxg3 {[%emt 0:00:28]} Re8 {[%emt 0:00:48]} 39. Re1 {[%emt 0:01:27]} Rfe5 {[%emt 0:00:46]} 40. Kf3 {[%emt 0:00:00]} Rf5+ {[%emt 0:01:49]} 1/2-1/2

[Event "1st Capablanca Memorial 2017"]
[Site "Heraklion"]
[Date "2017.04.19"]
[Round "4"]
[White "Langrock, Hannes"]
[Black "Vuelban, Virgilio"]
[Result "1-0"]
[WhiteElo "2387"]
[BlackElo "2257"]
[Annotator "RC"]
[PlyCount "87"]
[EventDate "2017.??.??"]
[EventType "tourn"]
[EventCountry "GRE"]
[SourceTitle "playchess.com"]
[Source "ChessBase"]
[SourceQuality "1"]
[TimeControl "40/5400+30:1800+30"]

1. d4 {[%emt 0:00:00]} e6 {[%emt 0:11:12]} 2. Bf4 {[%emt 0:04:08]} d5 {[%emt 0:02:12]} 3. e3 {[%emt 0:00:15]} Bd6 {[%emt 0:00:30]} 4. Bg3 {[%emt 0:00:33]} Nf6 {[%emt 0:01:49]} 5. Nd2 {[%emt 0:00:35]} O-O {[%emt 0:07:59]} 6. Bd3 {[%emt 0:00:15]} c5 {[%emt 0:00:21]} 7. c3 {[%emt 0:00:24]} Nc6 {[%emt 0:00:05]} 8. Ngf3 {[%emt 0:01:57]} Qe7 {[%emt 0:01:41]} 9. Ne5 {[%emt 0:01:22]} Qc7 {[%emt 0:00:12]} 10. f4 {[%emt 0:02:52]} Nd7 {[%emt 0:08:21]} 11. O-O {[%emt 0:08:45]} f5 {[%emt 0:10:50]} 12. Kh1 {[%emt 0:10:01]} Nf6 {[%emt 0:03:20]} 13. Bh4 {[%emt 0:01:01]} Bd7 {[%emt 0:01:37]} 14. h3 {[%emt 0:04:26]} c4 {[%emt 0:03:20]} 15. Bc2 {[%emt 0:05:24]} b5 {[%emt 0:00:50]} 16. g4 {[%emt 0:07:58]} Ne4 {[%emt 0:00:42]} 17. gxf5 {[%emt 0:01:58]} exf5 {[%emt 0:01:40]} 18. Nxe4 {[%emt 0:18:36]} fxe4 {[%emt 0:01:16]} 19. Nxd7 {[%emt 0:01:38]} Qxd7 {[%emt 0:00:15]} 20. Qg4 {[%emt 0:00:08]} Qxg4 {[%emt 0:07:17]} 21. hxg4 {[%emt 0:00:03]} h6 {[%emt 0:01:40]} 22. Kg2 {[%emt 0:03:20]} a5 {[%emt 0:03:27]} 23. b3 {[%emt 0:02:15]} Rab8 {[%emt 0:11:42]} 24. bxc4 {[%emt 0:07:34]} bxc4 {[%emt 0:00:04]} 25. Rab1 {[%emt 0:00:02]} Ne7 {[%emt 0:04:37]} 26. Bxe7 {[%emt 0:03:03]} Bxe7 {[%emt 0:00:06]} 27. Ba4 {[%emt 0:00:04]} Kf7 {[%emt 0:01:01]} 28. f5 {[%emt 0:03:01]} Bg5 {[%emt 0:02:09]} 29. Bc6 {[%emt 0:03:34]} Ke7 {[%emt 0:00:17]} 30. Bxd5 {[%emt 0:00:29]} Bxe3 {[%emt 0:00:34]} 31. Rbe1 {[%emt 0:05:16]} Bd2 {[%emt 0:01:49]} 32. Rxe4+ {[%emt 0:00:04]} Kd6 {[%emt 0:00:26]} 33. Bxc4 {[%emt 0:00:12]} Rf6 {[%emt 0:10:31]} 34. Rf3 {[%emt 0:02:40]} Rc8 {[%emt 0:00:13]} 35. Re2 {[%emt 0:01:38]} Rxc4 {[%emt 0:00:40]} 36. Rxd2 {[%emt 0:00:03]} Kd5 {[%emt 0:00:53]} 37. Rb2 {[%emt 0:00:52]} Ra4 {[%emt 0:00:32]} 38. Rb5+ {[%emt 0:00:11]} Kc6 {[%emt 0:00:05]} 39. Rc5+ {[%emt 0:00:07]} Kd7 {[%emt 0:00:39]} 40. Rf2 {[%emt 0:00:00]} Rb6 {[%emt 0:00:15]} 41. Kg3 {[%emt 0:16:41]} Ra3 {[%emt 0:00:46]} 42. Kh4 {[%emt 0:01:27]} Ke7 {[%emt 0:00:55]} 43. Kh5 {[%emt 0:01:04]} Kf7 {[%emt 0:00:16]} 44. Re2 {[%emt 0:00:55]} 1-0

[Event "1st Capablanca Memorial 2017"]
[Site "Heraklion"]
[Date "2017.04.19"]
[Round "4"]
[White "Hristodoulou, Panagiotis"]
[Black "Balokas, Dimitrios"]
[Result "0-1"]
[WhiteElo "2278"]
[BlackElo "2184"]
[Annotator "NA"]
[PlyCount "67"]
[EventDate "2017.??.??"]
[EventType "tourn"]
[EventCountry "GRE"]
[SourceTitle "playchess.com"]
[Source "ChessBase"]
[SourceQuality "1"]
[TimeControl "40/5400+30:1800+30"]

1. Nf3 {[%emt 0:00:00]} d5 {[%emt 0:00:07]} 2. g3 {[%emt 0:00:00]} Nf6 {[%emt 0:00:24]} 3. Bg2 {[%emt 0:00:00]} c6 {[%emt 0:00:06]} 4. O-O {[%emt 0:00:16]} Bf5 {[%emt 0:00:07]} 5. b3 {[%emt 0:00:45]} h6 {[%emt 0:00:16]} 6. Bb2 {[%emt 0:00:11]} e6 {[%emt 0:00:23]} 7. c4 {[%emt 0:03:25] LiveBook: 284 Games} Be7 {[%emt 0:00:35]} 8. d4 {[%emt 0:00:41]} O-O {[%emt 0:00:21]} 9. Nc3 {[%emt 0:00:12]} Nbd7 {[%emt 0:00:44]} 10. cxd5 {[%emt 0:00:47] D11: Slav Defence: 3 Nf3 sidelines and 3...Nf6 4 e3 Bg4} cxd5 {[%emt 0:00:22]} 11. Ne5 {[%emt 0:05:32]} Rc8 {[%emt 0:08:55]} 12. a3 {[%emt 0:06:00]} Qb6 $146 {[%emt 0:07:27]} (12... a6 13. e3 Qb6 14. Nxd7 Nxd7 15. g4 Bg6 16. f4 f5 17. h3 Nf6 {0-1 (35) Tejero Royo,F (2220)-Campos Moreno,J (2490) Zaragoza 1999}) 13. b4 {[%emt 0:06:10]} Qd6 {[%emt 0:16:35]} 14. Qb3 {[%emt 0:08:08]} Nb6 {[%emt 0:01:15]} 15. Rac1 {[%emt 0:05:54]} Bh7 {[%emt 0:04:42]} 16. Na4 {[%emt 0:01:35]} Nxa4 {[%emt 0:08:25]} 17. Qxa4 {[%emt 0:00:21]} a6 {[%emt 0:00:20]} 18. e3 {[%emt 0:04:11]} Ne4 {[%emt 0:02:31]} 19. Rfd1 {[%emt 0:00:31]} f6 {[%emt 0:03:22]} 20. Nf3 {[%emt 0:02:55]} b5 {[%emt 0:04:59]} 21. Qb3 {[%emt 0:00:27]} Qb6 {[%emt 0:00:22]} 22. Bf1 {[%emt 0:00:55]} Nd6 {[%emt 0:00:25]} 23. Ne1 {[%emt 0:05:49]} Nc4 {[%emt 0:00:52]} 24. Bc3 {[%emt 0:00:20]} Be4 {[%emt 0:02:54]} 25. Bd3 {[%emt 0:04:16]} (25. Nd3 $11) 25... Bxd3 {[%emt 0:00:45]} 26. Nxd3 {[%emt 0:00:23]} a5 {[%emt 0:00:24]} 27. a4 {[%emt 0:04:36]} bxa4 {[%emt 0:00:50]} 28. Qxa4 {[%emt 0:00:20]} axb4 {[%emt 0:00:07]} 29. Bxb4 {[%emt 0:00:30]} Ra8 {[%emt 0:00:36]} 30. Qb3 {[%emt 0:01:19]} Rfb8 {[%emt 0:00:55]} 31. Rb1 {[%emt 0:01:01]} Bxb4 {[%emt 0:02:19]} 32. Qxb4 {[%emt 0:01:15]} Qxb4 {[%emt 0:01:04]} 33. Rxb4 {[%emt 0:00:18]} Rxb4 {[%emt 0:01:35]} 34. Nxb4 $11 {[%emt 0:00:09]} 0-1

[Event "1st Capablanca Memorial 2017"]
[Site "Heraklion"]
[Date "2017.04.19"]
[Round "4"]
[White "Tsakiris, Haralambos"]
[Black "Taylor, Adam C"]
[Result "1/2-1/2"]
[WhiteElo "2250"]
[BlackElo "2231"]
[Annotator "ChessBase"]
[PlyCount "58"]
[EventDate "2017.??.??"]
[EventType "tourn"]
[EventCountry "GRE"]
[SourceTitle "playchess.com"]
[Source "ChessBase"]
[SourceQuality "1"]
[TimeControl "40/5400+30:1800+30"]

1. e4 {[%emt 0:00:00]} d6 {[%emt 0:00:06]} 2. d4 {[%emt 0:00:00]} g6 {[%emt 0:00:04]} 3. Nc3 {[%emt 0:03:32]} Bg7 {[%emt 0:00:27]} 4. Be3 {[%emt 0:00:16]} Nf6 {[%emt 0:00:06]} 5. Be2 {[%emt 0:00:20]} c6 {[%emt 0:03:24]} 6. f4 {[%emt 0:06:52]} O-O {[%emt 0:02:04]} 7. e5 {[%emt 0:01:18]} dxe5 {[%emt 0:00:59]} 8. dxe5 {[%emt 0:00:36]} Nd5 {[%emt 0:00:14]} 9. Nxd5 {[%emt 0:00:09]} cxd5 {[%emt 0:00:45]} 10. Nf3 {[%emt 0:03:24]} Nc6 {[%emt 0:00:05]} 11. O-O {[%emt 0:00:18]} f6 {[%emt 0:03:24]} 12. exf6 {[%emt 0:06:33]} exf6 {[%emt 0:01:58]} 13. Nd4 {[%emt 0:04:36]} Re8 {[%emt 0:00:21]} 14. Nxc6 {[%emt 0:02:02]} bxc6 {[%emt 0:00:33]} 15. Bd4 {[%emt 0:05:19]} Qd6 {[%emt 0:00:13]} 16. Bf3 {[%emt 0:03:38]} Ba6 {[%emt 0:01:41]} 17. Rf2 {[%emt 0:08:24]} Rad8 {[%emt 0:08:36]} 18. Bxa7 {[%emt 0:04:52]} d4 {[%emt 0:03:48]} 19. Bb6 {[%emt 0:05:01]} Rd7 {[%emt 0:00:29]} 20. b4 {[%emt 0:03:12]} f5 {[%emt 0:16:55]} 21. Bc5 {[%emt 0:08:47]} Qe6 {[%emt 0:00:11]} 22. Rc1 {[%emt 0:01:16]} Bb5 {[%emt 0:03:11]} 23. a4 {[%emt 0:02:24]} Bxa4 {[%emt 0:03:58]} 24. Re2 {[%emt 0:00:09]} Qf7 {[%emt 0:00:02]} 25. Rxe8+ {[%emt 0:03:08]} Qxe8 {[%emt 0:00:02]} 26. Qd2 {[%emt 0:00:36]} Bf6 {[%emt 0:02:25]} 27. Re1 {[%emt 0:02:05]} Qf7 {[%emt 0:01:31]} 28. Be2 {[%emt 0:05:54]} Kg7 {[%emt 0:20:49]} 29. Bd3 {[%emt 0:00:11]} Be7 {[%emt 0:08:46]} 1/2-1/2

[Event "1st Capablanca Memorial 2017"]
[Site "Heraklion"]
[Date "2017.04.19"]
[Round "4"]
[White "Vanheirzeele, Daniel"]
[Black "Ivanov, Mikhail M"]
[Result "1/2-1/2"]
[WhiteElo "2146"]
[BlackElo "2421"]
[Annotator "TA"]
[PlyCount "58"]
[EventDate "2017.??.??"]
[EventType "tourn"]
[EventCountry "GRE"]
[SourceTitle "playchess.com"]
[Source "ChessBase"]
[SourceQuality "1"]
[TimeControl "40/5400+30:1800+30"]

1. e4 {[%emt 0:00:00]} c5 {[%emt 0:00:14]} 2. Nf3 {[%emt 0:00:00]} Nc6 {[%emt 0:00:32]} 3. d4 {[%emt 0:00:14]} cxd4 {[%emt 0:01:12]} 4. Nxd4 {[%emt 0:00:10]} e5 {[%emt 0:00:12]} 5. Nb3 {[%emt 0:06:55]} Nf6 {[%emt 0:09:02]} 6. Nc3 {[%emt 0:01:13]} Bb4 {[%emt 0:02:01]} 7. Bc4 {[%emt 0:00:55]} O-O {[%emt 0:01:12]} 8. O-O {[%emt 0:07:13]} Bxc3 {[%emt 0:05:31]} 9. bxc3 {[%emt 0:01:04]} Nxe4 {[%emt 0:01:07]} 10. Ba3 {[%emt 0:02:07]} d6 {[%emt 0:00:11]} 11. Qf3 {[%emt 0:27:07]} Nf6 {[%emt 0:07:09]} 12. h3 {[%emt 0:13:55]} Be6 {[%emt 0:01:47]} 13. Be2 {[%emt 0:06:38]} Qc7 {[%emt 0:02:51]} 14. Rfd1 {[%emt 0:02:16]} Rfd8 {[%emt 0:01:55]} 15. c4 {[%emt 0:01:12]} Rac8 {[%emt 0:03:54]} 16. Rd2 {[%emt 0:02:18]} a5 {[%emt 0:00:14]} 17. Rad1 {[%emt 0:01:10]} a4 {[%emt 0:00:09]} 18. Nc1 {[%emt 0:02:11]} Nd4 {[%emt 0:00:18]} 19. Rxd4 {[%emt 0:03:50]} exd4 {[%emt 0:00:06]} 20. Rxd4 {[%emt 0:00:46]} d5 {[%emt 0:03:26]} 21. cxd5 {[%emt 0:01:46]} Bxd5 {[%emt 0:00:19]} 22. Qf5 {[%emt 0:02:39]} Qxc2 {[%emt 0:02:57]} 23. Bd3 {[%emt 0:06:19]} Qc3 {[%emt 0:00:13]} 24. Rg4 {[%emt 0:01:36]} Be6 {[%emt 0:01:56]} 25. Rxg7+ {[%emt 0:01:09]} Kxg7 {[%emt 0:00:13]} 26. Qg5+ {[%emt 0:00:40]} Kh8 {[%emt 0:00:05]} 27. Ne2 {[%emt 0:05:14]} Qa1+ {[%emt 0:00:05]} 28. Kh2 {[%emt 0:00:07]} Rxd3 {[%emt 0:00:13]} 29. Be7 {[%emt 0:01:00]} Ng8 {[%emt 0:00:28]} 1/2-1/2

[Event "1st Capablanca Memorial 2017"]
[Site "Heraklion"]
[Date "2017.04.19"]
[Round "4"]
[White "Triantos, Konstantinos"]
[Black "Anagnostopoulos, Konstantinos"]
[Result "1/2-1/2"]
[WhiteElo "2051"]
[BlackElo "2201"]
[Annotator "RC"]
[PlyCount "144"]
[EventDate "2017.??.??"]
[EventType "tourn"]
[EventCountry "GRE"]
[SourceTitle "playchess.com"]
[Source "ChessBase"]
[SourceQuality "1"]
[TimeControl "40/5400+30:1800+30"]

1. e4 {[%emt 0:00:03]} e5 {[%emt 0:12:29]} 2. Nf3 {[%emt 0:00:08]} Nc6 {[%emt 0:00:05]} 3. Bb5 {[%emt 0:00:03]} a6 {[%emt 0:00:04]} 4. Ba4 {[%emt 0:00:02]} d6 {[%emt 0:00:09]} 5. O-O {[%emt 0:00:07]} Nf6 {[%emt 0:00:42]} 6. d4 {[%emt 0:09:12]} b5 {[%emt 0:01:57]} 7. dxe5 {[%emt 0:00:34]} Nxe5 {[%emt 0:05:29]} 8. Nxe5 {[%emt 0:00:05]} bxa4 {[%emt 0:12:24]} 9. Nd3 {[%emt 0:03:57]} Bg4 {[%emt 0:03:40]} 10. f3 {[%emt 0:02:25]} Be6 {[%emt 0:05:25]} 11. Be3 {[%emt 0:05:02]} Be7 {[%emt 0:00:38]} 12. Nd2 {[%emt 0:05:58]} O-O {[%emt 0:08:40]} 13. c4 {[%emt 0:01:11]} Qe8 {[%emt 0:06:26]} 14. Rc1 {[%emt 0:11:51]} Nh5 {[%emt 0:05:05]} 15. Nb4 {[%emt 0:15:42]} Bd8 {[%emt 0:03:42]} 16. Re1 {[%emt 0:09:56]} Rb8 {[%emt 0:07:05]} 17. a3 {[%emt 0:04:40]} Qd7 {[%emt 0:09:18]} 18. c5 {[%emt 0:02:31]} a5 {[%emt 0:04:25]} 19. c6 {[%emt 0:03:23]} Qc8 {[%emt 0:00:05]} 20. Nd5 {[%emt 0:01:12]} Nf6 {[%emt 0:05:35]} 21. Qxa4 {[%emt 0:08:03]} Bxd5 {[%emt 0:01:22]} 22. exd5 {[%emt 0:00:03]} Nxd5 {[%emt 0:00:20]} 23. Bd4 {[%emt 0:02:07]} Qf5 {[%emt 0:04:36]} 24. Ne4 {[%emt 0:02:51]} Nf4 {[%emt 0:00:23]} 25. Qc2 {[%emt 0:00:13]} Qg6 {[%emt 0:00:48]} 26. Qd2 {[%emt 0:01:53]} f5 {[%emt 0:01:48]} 27. Qxf4 {[%emt 0:01:00]} fxe4 {[%emt 0:00:04]} 28. Qxe4 {[%emt 0:00:05]} Qxe4 {[%emt 0:00:11]} 29. Rxe4 {[%emt 0:00:38]} Bf6 {[%emt 0:00:43]} 30. Bxf6 {[%emt 0:01:02]} Rxf6 {[%emt 0:00:30]} 31. Rc2 {[%emt 0:01:00]} Kf8 {[%emt 0:01:02]} 32. Kf2 {[%emt 0:00:23]} Rb6 {[%emt 0:00:23]} 33. Ra4 {[%emt 0:01:42]} Rf5 {[%emt 0:00:19]} 34. b4 {[%emt 0:00:33]} axb4 {[%emt 0:00:12]} 35. axb4 {[%emt 0:00:52]} Rb8 {[%emt 0:01:22]} 36. Ra7 {[%emt 0:01:00]} Rf7 {[%emt 0:00:22]} 37. Rb7 {[%emt 0:01:08]} Ra8 {[%emt 0:00:23]} 38. b5 {[%emt 0:01:03]} Ke8 {[%emt 0:00:33]} 39. Re2+ {[%emt 0:02:32]} Kf8 {[%emt 0:00:31]} 40. Rd2 {[%emt 0:00:00]} Rc8 {[%emt 0:00:41]} 41. b6 {[%emt 0:01:10]} cxb6 {[%emt 0:00:31]} 42. Rxd6 {[%emt 0:00:17]} Rfc7 {[%emt 0:00:36]} 43. Rxb6 {[%emt 0:00:26]} Ke7 {[%emt 0:01:46]} 44. Rd7+ {[%emt 0:00:08]} Rxd7 {[%emt 0:04:42]} 45. cxd7 {[%emt 0:00:04]} Rc2+ {[%emt 0:00:14]} 46. Kg3 {[%emt 0:00:24]} Rd2 {[%emt 0:00:04]} 47. Rb7 {[%emt 0:00:33]} Kf6 {[%emt 0:01:11]} 48. Kf4 {[%emt 0:00:56]} h6 {[%emt 0:02:46]} 49. Ke4 {[%emt 0:01:14]} g6 {[%emt 0:01:50]} 50. Ke3 {[%emt 0:01:07]} Rd1 {[%emt 0:00:27]} 51. h4 {[%emt 0:01:44]} Rd5 {[%emt 0:01:32]} 52. g4 {[%emt 0:02:41]} Rd1 {[%emt 0:04:51]} 53. f4 {[%emt 0:04:17]} h5 {[%emt 0:06:45]} 54. gxh5 {[%emt 0:04:33]} gxh5 {[%emt 0:00:06]} 55. Ke4 {[%emt 0:00:26]} Rd2 {[%emt 0:01:40]} 56. Rb6+ {[%emt 0:00:53]} Kg7 {[%emt 0:01:29]} 57. Kf5 {[%emt 0:01:28]} Rxd7 {[%emt 0:00:49]} 58. Kg5 {[%emt 0:00:03]} Rd1 {[%emt 0:03:23]} 59. Rb7+ {[%emt 0:00:16]} Kg8 {[%emt 0:00:09]} 60. Kxh5 {[%emt 0:00:50]} Rg1 {[%emt 0:00:29]} 61. f5 {[%emt 0:02:01]} Rg2 {[%emt 0:01:28]} 62. Rb4 {[%emt 0:00:29]} Kf7 {[%emt 0:00:31]} 63. Rg4 {[%emt 0:00:03]} Ra2 {[%emt 0:00:55]} 64. Kg5 {[%emt 0:00:07]} Ra8 {[%emt 0:01:13]} 65. h5 {[%emt 0:00:09]} Rg8+ {[%emt 0:02:22]} 66. Kf4 {[%emt 0:00:04]} Rh8 {[%emt 0:00:46]} 67. Rh4 {[%emt 0:00:04]} Kf6 {[%emt 0:00:28]} 68. h6 {[%emt 0:00:04]} Rh7 {[%emt 0:00:47]} 69. Rh2 {[%emt 0:00:30]} Rh8 {[%emt 0:00:19]} 70. h7 {[%emt 0:00:10]} Rxh7 {[%emt 0:00:15]} 71. Rb2 {[%emt 0:00:53]} Rh4+ {[%emt 0:00:08]} 72. Kg3 {[%emt 0:00:03]} Ra4 {[%emt 0:00:05]} 1/2-1/2

[Event "1st Capablanca Memorial 2017"]
[Site "Heraklion"]
[Date "2017.04.21"]
[Round "5"]
[White "Ivanov, Mikhail M"]
[Black "Tsakiris, Haralambos"]
[Result "1/2-1/2"]
[WhiteElo "2421"]
[BlackElo "2250"]
[Annotator "TA"]
[PlyCount "25"]
[EventDate "2017.??.??"]
[EventType "tourn"]
[EventCountry "GRE"]
[SourceTitle "playchess.com"]
[Source "ChessBase"]
[SourceQuality "1"]

{[%evp 16,25,31,27,33,25,31,5,25,3,0,0]} 1. d4 Nf6 2. c4 e6 3. Nf3 d5 4. Nc3 Be7 5. Bg5 O-O 6. cxd5 exd5 7. e3 h6 8. Bf4 {D35: Queen's Gambit Declined: Exchange Variation} (8. Bh4 c6 9. Bd3 Ne4 10. Bg3 f5 11. Ne5 Qe8 12. Qb3 Nxg3 13. hxg3 Nd7 14. f4 Nxe5 15. fxe5 a5 16. Ne2 a4 17. Qc2 c5 {½-½ (36) Volkov,S (2593)-Galinsky,T (2416) Fagernes 2013}) 8... c6 9. Bd3 {LiveBook: 5 Games} Re8 10. h3 Bd6 {[#] Hoping for ...Bxf4.} 11. Ne5 $146 (11. Bxd6 Qxd6 12. Qc2 Qe6 13. O-O Ne4 14. Nxe4 dxe4 15. Bc4 Qe7 16. Ne5 Be6 {½-½ (31) Ivanov,J (2398)-Duboue,P (2156) Sautron 2011}) 11... Qe7 12. Bh2 Nfd7 {[%cal Rd7e5]} 13. Nf3 1/2-1/2

[Event "1st Capablanca Memorial 2017"]
[Site "Heraklion"]
[Date "2017.04.21"]
[Round "5"]
[White "Vuelban, Virgilio"]
[Black "Vanheirzeele, Daniel"]
[Result "1-0"]
[WhiteElo "2257"]
[BlackElo "2146"]
[Annotator "TA"]
[PlyCount "59"]
[EventDate "2017.??.??"]
[EventType "tourn"]
[EventCountry "GRE"]
[SourceTitle "playchess.com"]
[Source "ChessBase"]
[SourceQuality "1"]

{[%evp 28,59,61,0,0,0,60,60,116,50,38,40,31,26,72,63,63,51,47,56,42,5,22,0,0,0,0,0,12,35,65,-6,171,170]} 1. e4 c5 2. Nf3 d6 3. d4 cxd4 4. Qxd4 Nc6 5. Bb5 Bd7 6. Bxc6 Bxc6 7. Nc3 Nf6 8. Bg5 e6 9. O-O-O Be7 10. Rhe1 Qa5 11. Kb1 O-O 12. Qd2 Qa6 13. Nd4 Rac8 {B53: Sicilian: 2...d6: Lines with Qxd4} (13... b5 14. f3 Rfc8 15. g4 Be8 16. Nce2 Rc4 17. b3 Rc7 18. Ng3 Rac8 19. Rc1 Rc3 20. Nh5 b4 21. Nxg7 {1-0 (29) Zhigalko,S (2656)-Shirov,A (2709) Jurmala 2013}) 14. f3 b5 15. g4 {LiveBook: 3 Games} (15. Qd3 $14) 15... Qb7 {The position is equal.} 16. Nce2 $146 {[%cal Bc3e2,Be2g3,Bg3h5][%mdl 32]} (16. h4 a5 17. Bxf6 Bxf6 18. g5 Be5 19. Nce2 b4 20. h5 Rfe8 21. Qd3 {1-0 (61) Karnik,P (2295)-Vaysman,A (2380) Pardubice 1992}) 16... Rc7 (16... b4 $11) 17. Ng3 $14 Qc8 (17... Rcc8 $14) 18. Bxf6 ({Much worse is} 18. Nxc6 $6 Rxc6 19. Nh5 Qd8 $11) (18. Nh5 $16) 18... Bxf6 19. g5 Bxd4 20. Qxd4 Rd8 21. f4 {[%cal Bf3f4,Bf4f5,Bf5f6][%mdl 32]} Rcd7 22. Nh5 {[%csl Gh5][%cal Rd4g7] [#]} e5 $1 {[%cal Re5d4]} 23. Qg1 $40 {[%mdl 128] And now Nf6+! would win. White is up to no good.} Kh8 24. f5 d5 25. exd5 Bxd5 26. f6 g6 27. Ng3 Qc4 28. b3 Qf4 29. Qe3 (29. Ne2 $14 Qb4 30. Rc1) 29... Qg4 $2 {[#]} (29... h6 $1 $11) 30. Qxe5 1-0